| 000 | 01056nam0a2200301 4500 | ||
|---|---|---|---|
| 001 | RU\NLR\bibl\1115421 | ||
| 005 | 20250630112812.0 | ||
| 010 |
_a978-5-7905-1398-5 _93000 |
||
| 035 | _a(NLR Aleph) 001102426 | ||
| 090 |
_a1186728 _c1186728 |
||
| 100 | _a20070403d2007 |||y0rusy50 ca | ||
| 101 | 0 | _arus | |
| 102 | _aRU | ||
| 105 | _aa ||||||||| | ||
| 200 | 1 |
_aИстория костюма _e[от античности до современности] _fР.В. Захаржевская |
|
| 205 | _a[3-е изд., доп.] | ||
| 210 |
_aМосква _cРИПОЛ Классик _d2007 |
||
| 215 |
_a287 с., [8] л. цв. ил. _cил. _d22 |
||
| 320 | _aБиблиогр. в подстроч. прим. | ||
| 606 | 1 |
_aКостюм _xИстория _91402237 _3RU\NLR\auth\66590158 |
|
| 686 | _aЩ126.63(0) | ||
| 700 | 1 |
_aЗахаржевская _bР. В. _gРаиса Владимировна _4070 |
|
| 801 | 0 |
_aRU _bNLR _c20070807 _gRCR |
|
| 801 | 1 |
_aRU _bNLR _c20070807 |
|
| 830 | _aавт. по кн. | ||
| 942 | _cBOOK | ||
| 980 | _aNB | ||